|
|
|
|
| LEADER |
01595nam a2200409Ia 4500 |
| 001 |
EBC3018867 |
| 003 |
MiAaPQ |
| 005 |
20200520144314.0 |
| 006 |
m o d | |
| 007 |
cr cn||||||||| |
| 008 |
100914s2011 nyua sb 001 0 eng d |
| 010 |
|
|
|z 2010038628
|
| 020 |
|
|
|z 9781611227000
|
| 020 |
|
|
|z 9781611223033
|
| 020 |
|
|
|z 1611223032
|
| 035 |
|
|
|a (MiAaPQ)EBC3018867
|
| 035 |
|
|
|a (Au-PeEL)EBL3018867
|
| 035 |
|
|
|a (CaPaEBR)ebr10661806
|
| 035 |
|
|
|a (OCoLC)738478550
|
| 040 |
|
|
|a MiAaPQ
|c MiAaPQ
|d MiAaPQ
|
| 050 |
|
4 |
|a HV551.2
|b .F67 2011
|
| 082 |
0 |
4 |
|a 363.34/6
|2 21
|
| 245 |
0 |
0 |
|a Forms of community participation in disaster risk management practices
|h [electronic resource] /
|c R. Osti, editor ; K. Miyake, associate editor.
|
| 260 |
|
|
|a New York :
|b Nova Science Publishers,
|c c2011.
|
| 300 |
|
|
|a xi, 179 p. :
|b ill. (chiefly col.).
|
| 490 |
1 |
|
|a Natural disaster research, prediction and mitigation
|
| 504 |
|
|
|a Includes bibliographical references and index.
|
| 533 |
|
|
|a Electronic reproduction. Ann Arbor, MI : ProQuest, 2015. Available via World Wide Web. Access may be limited to ProQuest affiliated libraries.
|
| 650 |
|
0 |
|a Emergency management
|x Citizen participation.
|
| 650 |
|
0 |
|a Disaster relief
|x Citizen participation.
|
| 650 |
|
0 |
|a Risk management.
|
| 655 |
|
4 |
|a Electronic books.
|
| 700 |
1 |
|
|a Osti, R.
|q (Rabindra)
|
| 700 |
1 |
|
|a Miyake, K.
|
| 710 |
2 |
|
|a ProQuest (Firm)
|
| 830 |
|
0 |
|a Natural disaster research, prediction and mitigation series.
|
| 856 |
4 |
0 |
|u https://ebookcentral.proquest.com/lib/matrademy/detail.action?docID=3018867
|z Click to View
|